| 000 | 00546nam a2200121Ia 4500 | ||
|---|---|---|---|
| 008 | 220216s9999 xx 000 0 und d | ||
| 100 | _aWong A H H | ||
| 245 | 0 | _aPerformance of tuff brite C (registered trade-mark) and other formulations against blue-stain, mold and brown-stain in freshly-sawn rubberwood (Hevea brasiliensis) in the humid tropics of Peninsular Malaysia | |
| 260 | _bInternational Research Group on Wood Preservation, IRG Secretariat 1997, Stockholm, Sweden | ||
| 500 | _aAGRIS CD 1997-1998 | ||
| 700 | _aWoods T L | ||
| 942 | _cBO | ||
| 999 |
_c47726 _d47726 |
||